000 00351nam a2200145Ia 4500
008 191201s2010 xx 000 0 und d
082 _a620.1
_bPAE
100 _aPENDEY, GN
245 0 _aEnvironmental management
250 _aRep
260 _aN. delhi
_bVikas Publication House
_c2010
300 _a398
650 _aB.Tech(CE)
942 _2ddc
_cBK
_01
999 _c5446
_d5446